<?xml version="1.0" encoding="UTF-8"?>
<record
    xmlns:xsi="http://www.w3.org/2001/XMLSchema-instance"
    xsi:schemaLocation="http://www.loc.gov/MARC21/slim http://www.loc.gov/standards/marcxml/schema/MARC21slim.xsd"
    xmlns="http://www.loc.gov/MARC21/slim">

  <leader>01111nam1a22002891i 4500</leader>
  <controlfield tag="001">v19\rc\1745974</controlfield>
  <controlfield tag="005">20240723124823.0</controlfield>
  <datafield tag="035" ind1=" " ind2=" ">
    <subfield code="a">(NLR Aleph) 004851532</subfield>
  </datafield>
  <datafield tag="090" ind1=" " ind2=" ">
    <subfield code="a">4926092</subfield>
    <subfield code="c">4926092</subfield>
  </datafield>
  <datafield tag="100" ind1=" " ind2=" ">
    <subfield code="a">20061204d1902    |||y0rusy50      ca</subfield>
  </datafield>
  <datafield tag="101" ind1="0" ind2=" ">
    <subfield code="a">rus</subfield>
  </datafield>
  <datafield tag="102" ind1=" " ind2=" ">
    <subfield code="a">RU</subfield>
  </datafield>
  <datafield tag="105" ind1=" " ind2=" ">
    <subfield code="a">y   z   |||||</subfield>
  </datafield>
  <datafield tag="200" ind1="1" ind2=" ">
    <subfield code="a">&#x41C;&#x435;&#x436;&#x434;&#x443;&#x43D;&#x430;&#x440;&#x43E;&#x434;&#x43D;&#x44B;&#x439; &#x41A;&#x43E;&#x43D;&#x433;&#x440;&#x435;&#x441;&#x441; &#x43F;&#x43E; &#x440;&#x44B;&#x431;&#x43E;&#x43B;&#x43E;&#x432;&#x441;&#x442;&#x432;&#x443; &#x438; &#x440;&#x44B;&#x431;&#x43E;&#x432;&#x43E;&#x434;&#x441;&#x442;&#x432;&#x443; 1902 &#x433;. &#x432; &#x421;.-&#x41F;&#x435;&#x442;&#x435;&#x440;&#x431;&#x443;&#x440;&#x433;&#x435;</subfield>
  </datafield>
  <datafield tag="210" ind1=" " ind2=" ">
    <subfield code="a">&#x421;&#x430;&#x43D;&#x43A;&#x442;-&#x41F;&#x435;&#x442;&#x435;&#x440;&#x431;&#x443;&#x440;&#x433;</subfield>
    <subfield code="d">1902</subfield>
  </datafield>
  <datafield tag="215" ind1=" " ind2=" ">
    <subfield code="d">24</subfield>
  </datafield>
  <datafield tag="532" ind1="1" ind2="1">
    <subfield code="a">&#x41C;&#x435;&#x436;&#x434;&#x443;&#x43D;&#x430;&#x440;&#x43E;&#x434;&#x43D;&#x44B;&#x439; &#x41A;&#x43E;&#x43D;&#x433;&#x440;&#x435;&#x441;&#x441; &#x43F;&#x43E; &#x440;&#x44B;&#x431;&#x43E;&#x43B;&#x43E;&#x432;&#x441;&#x442;&#x432;&#x443; &#x438; &#x440;&#x44B;&#x431;&#x43E;&#x432;&#x43E;&#x434;&#x441;&#x442;&#x432;&#x443; &#x442;&#x44B;&#x441;&#x44F;&#x447;&#x430; &#x434;&#x435;&#x432;&#x44F;&#x442;&#x44C;&#x441;&#x43E;&#x442; &#x432;&#x442;&#x43E;&#x440;&#x43E;&#x433;&#x43E; &#x433;&#x43E;&#x434;&#x430; &#x432; &#x421;.-&#x41F;&#x435;&#x442;&#x435;&#x440;&#x431;&#x443;&#x440;&#x433;&#x435;</subfield>
  </datafield>
  <datafield tag="710" ind1="1" ind2="2">
    <subfield code="a">&#x41C;&#x435;&#x436;&#x434;&#x443;&#x43D;&#x430;&#x440;&#x43E;&#x434;&#x43D;&#x44B;&#x439; &#x43A;&#x43E;&#x43D;&#x433;&#x440;&#x435;&#x441;&#x441; &#x43F;&#x43E; &#x440;&#x44B;&#x431;&#x43E;&#x43B;&#x43E;&#x432;&#x441;&#x442;&#x432;&#x443; &#x438; &#x440;&#x44B;&#x431;&#x43E;&#x432;&#x43E;&#x434;&#x441;&#x442;&#x432;&#x443;</subfield>
    <subfield code="f">1902</subfield>
    <subfield code="e">&#x41F;&#x435;&#x442;&#x435;&#x440;&#x431;&#x443;&#x440;&#x433;</subfield>
  </datafield>
  <datafield tag="801" ind1=" " ind2="0">
    <subfield code="a">RU</subfield>
    <subfield code="b">NLR</subfield>
    <subfield code="g">psbo</subfield>
  </datafield>
  <datafield tag="801" ind1=" " ind2="0">
    <subfield code="a">RU</subfield>
    <subfield code="b">RuMoRGB</subfield>
    <subfield code="2">psbo</subfield>
  </datafield>
  <datafield tag="801" ind1=" " ind2="1">
    <subfield code="a">RU</subfield>
    <subfield code="b">ProSoft-M</subfield>
    <subfield code="2">rusmarc</subfield>
  </datafield>
  <datafield tag="852" ind1=" " ind2=" ">
    <subfield code="a">NLR</subfield>
    <subfield code="j">38.47.7.54</subfield>
  </datafield>
  <datafield tag="852" ind1=" " ind2=" ">
    <subfield code="a">NLR</subfield>
    <subfield code="j">52/956</subfield>
  </datafield>
  <datafield tag="899" ind1=" " ind2=" ">
    <subfield code="a">RuMoRGB</subfield>
    <subfield code="j">G 44/220</subfield>
  </datafield>
  <datafield tag="899" ind1=" " ind2=" ">
    <subfield code="a">&#x411;&#x410;&#x41D;</subfield>
  </datafield>
  <datafield tag="899" ind1=" " ind2=" ">
    <subfield code="a">&#x41D;&#x411; &#x421;&#x41F;&#x431;&#x413;&#x423;</subfield>
  </datafield>
  <datafield tag="942" ind1=" " ind2=" ">
    <subfield code="c">BOOK</subfield>
  </datafield>
</record>
